| 000 | 01030 a2200265 4500 | ||
|---|---|---|---|
| 999 |
_c10388 _d10388 |
||
| 020 | _a9780323065054 (hardback : alk. paper) | ||
| 020 | _a0323065058 (hardback : alk. paper) | ||
| 050 | 0 | 0 | _aRC953.8 OCU 2012 |
| 100 |
_aPadilla, Rene L _eauthor |
||
| 245 | 0 | 0 |
_aOccupational therapy with elders : _bstrategies for the COTA / _c[edited by] Ren Ľ. Padilla, Sue Byers-Connon, Helene L. Lohman. |
| 250 | _a3rd edition. | ||
| 264 |
_aMaryland Heights, MO : _bElsevier/Mosby, _c♭2012. |
||
| 300 |
_axiv, 354 pages. : _billustrations. ; |
||
| 500 | _aIncludes bibliographical references and index. | ||
| 504 | _aIncludes bibliographical references and index. | ||
| 650 | 0 | _aOccupational therapy for older people. | |
| 650 | 0 | _aOccupational therapy assistants. | |
| 650 | 1 | 2 | _aOccupational Therapy. |
| 650 | 2 | 2 | _aAged. |
| 650 | 2 | 2 | _aRehabilitation. |
| 700 | 1 | _aByers-Connon, Sue. | |
| 700 | 1 | _aLohman, Helene | |
| 942 |
_2lcc _cBK _h653.8 _iOCU _kRC |
||